MARC details
| 000 -CABECERA |
| campo de control de longitud fija |
02461nam a22003017a 4500 |
| 003 - IDENTIFICADOR DEL NÚMERO DE CONTROL |
| campo de control |
OSt |
| 005 - FECHA Y HORA DE LA ÚLTIMA TRANSACCIÓN |
| campo de control |
20251103154938.0 |
| 008 - DATOS DE LONGITUD FIJA--INFORMACIÓN GENERAL |
| campo de control de longitud fija |
250918b |||||||| |||| 00| 0 eng d |
| 020 ## - NÚMERO INTERNACIONAL ESTÁNDAR DEL LIBRO |
| Número Internacional Estándar del Libro |
0022-2429 |
| 040 ## - FUENTE DE LA CATALOGACIÓN |
| Centro/agencia transcriptor |
tbs |
| 041 ## - CÓDIGO DE LENGUA |
| Código de lengua del texto/banda sonora o título independiente |
English |
| 100 ## - ENTRADA PRINCIPAL--NOMBRE DE PERSONA |
| Nombre de persona |
Dion, Delphine |
| 9 (RLIN) |
1961 |
| 245 ## - MENCIÓN DE TÍTULO |
| Título |
The Enrichment Economy |
| Resto del título |
: Market Dynamics, Brand Strategy, and Ethics |
| Mención de responsabilidad, etc. |
/ Delphine Dion, Roman Pavlyuchenko, and Sonja Prokopec |
| 260 ## - PUBLICACIÓN, DISTRIBUCIÓN, ETC. |
| Nombre del editor, distribuidor, etc. |
Journal of Marketing |
| Fecha de publicación, distribución, etc. |
2025 |
| 310 ## - PERIODICIDAD ACTUAL |
| Periodicidad actual |
Journal of Marketing. Mar2025, Vol. 89 Issue 2, p96-118. 23p |
| 520 ## - SUMARIO, ETC. |
| Sumario, etc. |
Rare watches, fine wines and spirits, sports cars, designer sneakers, and many other luxury goods create massive enrichment opportunities for consumers if they resell them on secondary markets. This trend is part of the enrichment economy, a novel form of market arrangement wherein consumers use iconic goods to increase their capital. However, it creates challenges for brands, such as preserving their primary market desirability and avoiding cannibalization. To understand how brands can navigate the enrichment economy, the authors conducted an ethnographic study of the luxury watch industry. They draw on market system dynamics to theorize market processes that sustain a market within the enrichment economy, and they explain the shared discourses, norms, and practices that make the enrichment economy function. This research makes four contributions. First, the authors theorize primary–secondary market dynamics as a novel class of market dynamics. Second, they theorize the new role of luxury brands as enrichment curators. Third, they discuss the ethics of enrichment by highlighting inequalities and risks it creates. Fourth, this research introduces the enrichment strategy as a novel brand strategy that capitalizes on the market dynamics of enrichment. The authors offer recommendations for luxury and nonluxury brands on product portfolio management, customer relationship management, and ethical innovation. |
| 653 ## - TÉRMINO DE INDIZACIÓN--NO CONTROLADO |
| Término no controlado |
Secondhand trade |
| 653 ## - TÉRMINO DE INDIZACIÓN--NO CONTROLADO |
| Término no controlado |
Luxuries |
| 653 ## - TÉRMINO DE INDIZACIÓN--NO CONTROLADO |
| Término no controlado |
Brand name products ; |
| 653 ## - TÉRMINO DE INDIZACIÓN--NO CONTROLADO |
| Término no controlado |
Luxury goods industry |
| 653 ## - TÉRMINO DE INDIZACIÓN--NO CONTROLADO |
| Término no controlado |
Customer relationship management |
| 653 ## - TÉRMINO DE INDIZACIÓN--NO CONTROLADO |
| Término no controlado |
Business ethics |
| 653 ## - TÉRMINO DE INDIZACIÓN--NO CONTROLADO |
| Término no controlado |
Circular economy |
| 700 ## - ENTRADA AGREGADA--NOMBRE PERSONAL |
| Nombre de persona |
Pavlyuchenko, Roman |
| 9 (RLIN) |
26397 |
| 700 ## - ENTRADA AGREGADA--NOMBRE PERSONAL |
| Nombre de persona |
Prokopec, Sonja |
| 9 (RLIN) |
26398 |
| 856 ## - LOCALIZACIÓN Y ACCESO ELECTRÓNICOS |
| Identificador Uniforme del Recurso |
<a href="https://bibliotheque.tbs-education.fr/Default/doc/bth/182798510/the-enrichment-economy-market-dynamics-brand-strategy-and-ethics">https://bibliotheque.tbs-education.fr/Default/doc/bth/182798510/the-enrichment-economy-market-dynamics-brand-strategy-and-ethics</a> |
| 942 ## - ELEMENTOS DE ENTRADA AGREGADA (KOHA) |
| Fuente del sistema de clasificación o colocación |
Clasificación de Library of Congress |